[Event "Krapina op 10th"]
[Site "Krapina"]
[Date "2020.01.16"]
[Round "1"]
[White "Vincelj, Leopold"]
[Black "Kurecic, Mladen"]
[Result "0-1"]
[WhiteElo "1630"]
[BlackElo "1988"]
[PlyCount "120"]
[EventDate "2020.01.16"]
[EventType "swiss"]
[EventRounds "7"]
[EventCountry "CRO"]
[SourceTitle "CBM 194 Extra"]
[Source "ChessBase"]
[SourceDate "2020.03.31"]
[SourceVersion "1"]
[SourceVersionDate "2020.03.31"]
[SourceQuality "1"]

1. e4 e6 2. Nf3 b6 3. d4 Bb7 4. e5 c5 5. c3 d5 6. Bb5+ Nc6 7. 0-0 Nge7 8. Bg5 h6 9. Be3 Nf5 10. h3 Be7 11. Na3 0-0 12. Nc2 cxd4 13. Bxc6 Bxc6 14. Ncxd4 Nxe3 15. fxe3 Bb7 16. Nh2 Bg5 17. Qf3 Qc7 18. Qg3 Ba6 19. Rf2 Rae8 20. h4 Be7 21. Ng4 Kh8 22. Qf4 Bxh4 23. Rf3 Bg5 24. Qh2 f5 25. exf6 Qxh2+ 26. Kxh2 gxf6 27. Re1 Bd3 28. Nf2 Bg6 29. e4 dxe4 30. Nxe4 e5 31. Nc6 Re6 32. Nxg5 Rxc6 33. Nh3 Rd8 34. Rf2 Rcd6 35. a3 Kg7 36. Ng1 Rd2 37. Rxd2 Rxd2 38. Re2 Rxe2 39. Nxe2 Bd3 40. Nc1 Bc2 41. g3 Kg6 42. Kg2 Kg5 43. Kf2 f5 44. c4 h5 45. b3 h4 46. gxh4+ Kxh4 47. b4 Kg4 48. Ne2 f4 49. c5 bxc5 50. bxc5 Kf5 51. Nc3 Ke6 52. Nb5 Kd5 53. Nxa7 Kxc5 54. Nc8 e4 55. Na7 e3+ 56. Ke2 Kd4 57. Nc6+ Ke4 58. Nb4 f3+ 59. Ke1 f2+ 60. Ke2 Ba4 0-1

[Event "Hum na Sutli op 13th"]
[Site "Hum na Sutli"]
[Date "2019.08.31"]
[Round "9"]
[White "Pandurevic, Miro"]
[Black "Kurecic, Mladen"]
[Result "1-0"]
[WhiteElo "2177"]
[BlackElo "2012"]
[PlyCount "63"]
[EventDate "2019.08.24"]
[EventType "swiss"]
[EventRounds "9"]
[EventCountry "CRO"]
[SourceTitle "EXT 2020"]
[Source "ChessBase"]
[SourceDate "2019.10.17"]
[SourceVersion "1"]
[SourceVersionDate "2019.10.17"]
[SourceQuality "1"]

1. e4 d5 2. exd5 Qxd5 3. Nf3 Bg4 4. Be2 Nf6 5. h3 Bh5 6. d4 e6 7. c4 Qd8 8. Qb3 Qc8 9. Bg5 Nbd7 10. Nc3 c6 11. 0-0 Bd6 12. Rfe1 0-0 13. Ne5 Bxe2 14. Rxe2 Qc7 15. Nxd7 Qxd7 16. Bxf6 gxf6 17. Ne4 Be7 18. Rd1 Rad8 19. Qf3 f5 20. Ng3 Kh8 21. d5 cxd5 22. cxd5 Bf6 23. Nh5 Qa4 24. Rde1 Qd4 25. dxe6 fxe6 26. Rxe6 Qxb2 27. Nxf6 Rxf6 28. Re7 Qxa2 29. Rxb7 Rdf8 30. Ree7 R8f7 31. Qg3 h5 32. Qg5 1-0

[Event "Krapina op 9th"]
[Site "Krapina"]
[Date "2019.01.18"]
[Round "2"]
[White "Kurecic, Mladen"]
[Black "Babic, Mladen"]
[Result "1-0"]
[WhiteElo "2029"]
[BlackElo "1820"]
[PlyCount "71"]
[EventDate "2019.01.17"]
[EventType "swiss"]
[EventRounds "7"]
[EventCountry "CRO"]
[SourceTitle "CBM 188 Extra"]
[Source "ChessBase"]
[SourceDate "2019.02.26"]
[SourceVersion "1"]
[SourceVersionDate "2019.02.26"]
[SourceQuality "1"]

1. d4 d5 2. c4 c6 3. Nf3 h6 4. Nc3 dxc4 5. a4 Nf6 6. Ne5 Ng4 7. Nxc4 e6 8. Bf4 Nf6 9. e4 Bb4 10. f3 Nh5 11. Be3 Nd7 12. e5 g6 13. Qd2 Ng7 14. g4 Nb6 15. h4 Nd5 16. 0-0-0 Bxc3 17. bxc3 Nxe3 18. Qxe3 Kf8 19. Bd3 Ne8 20. Qf4 Kg7 21. g5 b5 22. gxh6+ Rxh6 23. h5 g5 24. Rdg1 f6 25. axb5 Kh8 26. Rxg5 f5 27. Rhg1 Kh7 28. Rg8 Rxh5 29. R1g7+ Nxg7 30. Rxd8 Bb7 31. Rd7 cxb5 32. Rxb7 bxc4 33. Bxc4 Rc8 34. Bxe6 Rxc3+ 35. Kb2 Rc6 36. Bxf5+ 1-0

[Event "CRO Cup"]
[Site "Mali Losinj"]
[Date "2018.05.19"]
[Round "5.103"]
[White "Kurecic, Mladen"]
[Black "Marjancevic, Slavko"]
[Result "1-0"]
[WhiteElo "2042"]
[BlackElo "2023"]
[PlyCount "56"]
[EventDate "2018.05.16"]
[EventType "team-swiss"]
[EventRounds "6"]
[EventCountry "CRO"]
[SourceTitle "CBM 184 Extra"]
[Source "ChessBase"]
[SourceDate "2018.06.28"]
[SourceVersion "1"]
[SourceVersionDate "2018.06.28"]
[SourceQuality "1"]
[WhiteTeam "Zabok Polet"]
[BlackTeam "Belisce"]
[WhiteTeamCountry "CRO"]
[BlackTeamCountry "CRO"]

1. d4 Nf6 2. Nf3 g6 3. c4 Bg7 4. Nc3 d5 5. cxd5 Nxd5 6. Bd2 0-0 7. e4 Nxc3 8. Bxc3 c5 9. d5 a6 10. Qc2 Bh6 11. a4 e6 12. Bc4 exd5 13. Bxd5 Qe7 14. Qb3 Nc6 15. 0-0 Be6 16. Rfe1 Nb4 17. Rad1 Rad8 18. Bxb4 cxb4 19. Rd4 a5 20. Red1 Bg7 21. e5 Bf5 22. Bxf7+ Kh8 23. Rxd8 Rxd8 24. Rxd8+ Qxd8 25. Qd5 Qxd5 26. Bxd5 b6 27. b3 Bg4 28. e6 Bxf3 1-0

[Event "Krapina-ch 8th "]
[Site "Krapina"]
[Date "2018.01.18"]
[Round "1"]
[White "Rozman, Roman"]
[Black "Kurecic, Mladen"]
[Result "0-1"]
[WhiteElo "1653"]
[BlackElo "2025"]
[PlyCount "67"]
[EventDate "2018.01.18"]
[EventType "swiss"]
[EventRounds "7"]
[EventCountry "CRO"]
[SourceTitle "EXT 2019"]
[Source "ChessBase"]
[SourceDate "2018.10.10"]
[SourceVersion "1"]
[SourceVersionDate "2018.10.10"]
[SourceQuality "1"]

1. e4 e6 2. d4 d5 3. exd5 exd5 4. Bd3 Nf6 5. Nf3 Bd6 6. h3 0-0 7. 0-0 Ne4 8. Nc3 Nxc3 9. bxc3 h6 10. c4 c6 11. c3 dxc4 12. Bxc4 Bf5 13. Re1 Nd7 14. Bd3 Qf6 15. Qc2 Bxd3 16. Qxd3 Rfe8 17. Bd2 Bc7 18. Rxe8+ Rxe8 19. Re1 Rxe1+ 20. Bxe1 Qd6 21. c4 a6 22. g3 b5 23. Bd2 Qe6 24. cxb5 axb5 25. a4 bxa4 26. Qa6 Nb6 27. Ba5 Qb3 28. Bxb6 Bxb6 29. Qc8+ Kh7 30. Qxc6 a3 31. Qe4+ g6 32. Qb7 a2 33. Ne5 a1Q+ 34. Kg2 0-1

[Event "CRO Cup"]
[Site "Mali Losinj"]
[Date "2017.05.10"]
[Round "1.2"]
[White "Kurecic, Mladen"]
[Black "Jovanic, Ognjen"]
[Result "0-1"]
[WhiteElo "2023"]
[BlackElo "2492"]
[PlyCount "64"]
[EventDate "2017.05.10"]
[EventType "team-swiss"]
[EventRounds "6"]
[EventCountry "CRO"]
[SourceTitle "CBM 178 Extra"]
[Source "ChessBase"]
[SourceDate "2017.06.22"]
[SourceVersion "1"]
[SourceVersionDate "2017.06.22"]
[SourceQuality "1"]
[WhiteTeam "Zabok Polet"]
[BlackTeam "Rijeka Liburnija"]
[WhiteTeamCountry "CRO"]
[BlackTeamCountry "CRO"]

1. b3 d5 2. Bb2 Bf5 3. Nf3 e6 4. e3 c6 5. c4 Nf6 6. Be2 h6 7. 0-0 Nbd7 8. Nd4 Bh7 9. f4 Bd6 10. f5 e5 11. Nc2 0-0 12. Nc3 a6 13. b4 dxc4 14. Bxc4 e4 15. d4 exd3 16. Bxd3 Ne5 17. Be2 Qc7 18. Qd4 c5 19. Qh4 cxb4 20. Nxb4 Qb6 21. Rf4 a5 22. Ne4 Nxe4 23. Rxe4 Bxf5 24. Bxe5 Bxe4 25. Bd4 Qxb4 26. Qxe4 Rae8 27. Qf5 Be5 28. Rb1 Qe7 29. Bb6 Qf6 30. Qg4 Re6 31. Bxa5 Bc3 32. Bb6 Rxb6 0-1

[Event "Krapina Regional Cup"]
[Site "Krapina"]
[Date "2016.02.28"]
[Round "4"]
[White "Kurecic, Mladen"]
[Black "Basaric, Srdjan"]
[Result "0-1"]
[WhiteElo "2010"]
[BlackElo "2094"]
[PlyCount "84"]
[EventDate "2016.02.14"]
[EventType "team-swiss"]
[EventRounds "5"]
[EventCountry "CRO"]
[SourceTitle "CBM 171 Extra"]
[Source "ChessBase"]
[SourceDate "2016.04.26"]
[SourceVersion "1"]
[SourceVersionDate "2016.04.26"]
[SourceQuality "1"]

1. d4 d6 2. Nf3 Bg4 3. g3 c6 4. Bg2 Nf6 5. c3 e6 6. Bg5 Be7 7. Nbd2 h6 8. Bxf6 Bxf6 9. 0-0 0-0 10. Qc2 Nd7 11. Rfe1 Qc7 12. a4 a5 13. e4 d5 14. h3 Bh5 15. Nh2 Bg6 16. f4 c5 17. dxc5 Nxc5 18. Ng4 Be7 19. Rf1 Qb6 20. Kh2 dxe4 21. Ne5 Bh7 22. Ndc4 Qc7 23. b4 axb4 24. cxb4 Nd3 25. Qe2 Nxb4 26. Rfc1 Rfc8 27. Nxf7 Nd3 28. Bxe4 Bxe4 29. Nxh6+ gxh6 30. Qxe4 Bf6 31. Qxd3 Bxa1 32. Rxa1 Qxc4 33. Qg6+ Kf8 34. Qxh6+ Ke8 35. Qg6+ Kd7 36. Qg7+ Kc6 37. Qb2 Qd5 38. h4 Ra5 39. Rc1+ Rc5 40. Qb5+ Kd6 41. Qb4 Kd7 42. Qe1 Rxc1 0-1

[Event "Krapina op 6th"]
[Site "Krapina"]
[Date "2016.01.23"]
[Round "4"]
[White "Lescan, Marijan"]
[Black "Kurecic, Mladen"]
[Result "1/2-1/2"]
[WhiteElo "1793"]
[BlackElo "2016"]
[PlyCount "71"]
[EventDate "2016.01.21"]
[EventType "swiss"]
[EventRounds "7"]
[EventCountry "CRO"]
[SourceTitle "CBM 170 Extra"]
[Source "ChessBase"]
[SourceDate "2016.02.25"]
[SourceVersion "1"]
[SourceVersionDate "2016.02.25"]
[SourceQuality "1"]

1. Nf3 c5 2. c4 b6 3. g3 Bb7 4. Bg2 Nf6 5. 0-0 Nc6 6. Nc3 Nd4 7. e3 Nxf3+ 8. Bxf3 Bxf3 9. Qxf3 a6 10. d4 e6 11. d5 Rb8 12. a4 e5 13. e4 d6 14. Bg5 Be7 15. Bxf6 Bxf6 16. Rab1 0-0 17. b4 Qd7 18. b5 a5 19. Nd1 Bg5 20. Ne3 g6 21. g4 f6 22. h3 Qg7 23. Kg2 Qh6 24. Rb3 Rb7 25. Rh1 f5 26. gxf5 Bxe3 27. Qxe3 Qh4 28. Kf1 gxf5 29. Qg3+ Qxg3 30. Rxg3+ Rg7 31. Rhg1 Rxg3 32. Rxg3+ Kh8 33. exf5 Rxf5 34. Ke2 Rf4 35. Rg4 Rf5 36. Ke3 1/2-1/2

[Event "Krapina op 6th"]
[Site "Krapina"]
[Date "2016.01.22"]
[Round "3"]
[White "Kurecic, Mladen"]
[Black "Klem, Davor"]
[Result "0-1"]
[WhiteElo "2016"]
[BlackElo "2034"]
[PlyCount "156"]
[EventDate "2016.01.21"]
[EventType "swiss"]
[EventRounds "7"]
[EventCountry "CRO"]
[SourceTitle "CBM 170 Extra"]
[Source "ChessBase"]
[SourceDate "2016.02.25"]
[SourceVersion "1"]
[SourceVersionDate "2016.02.25"]
[SourceQuality "1"]

1. d4 e5 2. dxe5 Nc6 3. Nf3 h6 4. a3 g5 5. Bd2 g4 6. Ng1 Nxe5 7. Bc3 d6 8. g3 Bg7 9. Bg2 c6 10. f4 gxf3 11. exf3 Nf6 12. Ne2 0-0 13. 0-0 Qc7 14. Nd2 d5 15. h3 Re8 16. f4 Ng6 17. Kh2 c5 18. b4 cxb4 19. axb4 Rxe2 20. Qxe2 Qxc3 21. Rab1 Bf5 22. g4 Re8 23. Qf2 Bxg4 24. Nf3 Ne4 25. Qxa7 Bxf3 26. Rxf3 Qxc2 27. Rg1 Nh4 28. Rff1 Qc3 29. Bxe4 dxe4 30. Rg3 Nf3+ 31. Kh1 Qd2 32. Rg2 Qxf4 33. Qxb7 Qh4 34. Rh2 Ng5 35. Qd7 Rf8 36. Qf5 e3 37. b5 Qe4+ 38. Qxe4 Nxe4 39. Re1 Nf2+ 40. Kg1 Bd4 41. Kf1 Kh7 42. Rb1 Rb8 43. h4 Rb6 44. Rg2 Re6 45. Ke2 Bb6 46. Rb4 Ne4 47. Rc4 Nf6 48. Rg3 Nh5 49. Rf3 Kg7 50. Rc6 Nf6 51. Rf5 Kg6 52. Rxe6 fxe6 53. Re5 Kf7 54. Rxe3 Bxe3 55. Kxe3 Ke7 56. Kd4 Kd6 57. Kc4 e5 58. h5 Nd5 59. Kd3 Nf6 60. Kc4 Nxh5 61. b6 Kc6 62. b7 Kxb7 63. Kd5 e4 64. Kxe4 Ng7 65. Kf4 Kc7 66. Kg4 Kd6 67. Kf4 Kd5 68. Kg4 Ke5 69. Kg3 Kf5 70. Kf3 h5 71. Kg3 Kg5 72. Kh3 Nf5 73. Kh2 Kg4 74. Kg2 h4 75. Kh2 h3 76. Kh1 Kg3 77. Kg1 Nd6 78. Kh1 Ne4 0-1

[Event "CRO-CupT final"]
[Site "Sibenik"]
[Date "2015.05.21"]
[Round "2.10"]
[White "Vernacki, Dusko"]
[Black "Kurecic, Mladen"]
[Result "1/2-1/2"]
[WhiteElo "2115"]
[BlackElo "2021"]
[PlyCount "61"]
[EventDate "2015.05.20"]
[EventType "team-swiss"]
[EventRounds "6"]
[EventCountry "CRO"]
[SourceTitle "CBM 166 Extra"]
[Source "ChessBase"]
[SourceDate "2015.06.18"]
[SourceVersion "1"]
[SourceVersionDate "2015.06.18"]
[SourceQuality "1"]
[WhiteTeam "Vukovar Slaven"]
[BlackTeam "Zabok Polet"]
[WhiteTeamCountry "CRO"]
[BlackTeamCountry "CRO"]

1. Nf3 d5 2. b3 Nf6 3. Bb2 g6 4. Bxf6 exf6 5. d4 Bg7 6. e3 0-0 7. c3 c6 8. Bd3 a5 9. 0-0 Qd6 10. Nbd2 f5 11. g3 Nd7 12. c4 b6 13. Qc2 Bb7 14. cxd5 cxd5 15. Rfc1 Rac8 16. Qb2 Rfe8 17. Rxc8 Rxc8 18. Rc1 Rc7 19. Rc2 Bf8 20. Qc1 Rxc2 21. Qxc2 Qc6 22. Qxc6 Bxc6 23. Ne5 Nxe5 24. dxe5 f6 25. exf6 Kf7 26. Nf3 Kxf6 27. Nd4 Bd7 28. Kf1 Bc5 29. Ke2 Ke5 30. f4+ Kf6 31. a4 1/2-1/2

[Event "Zagreb op"]
[Site "Zagreb"]
[Date "2014.03.17"]
[Round "1"]
[White "Kurajica, Bojan"]
[Black "Kurecic, Mladen"]
[Result "1-0"]
[WhiteElo "2505"]
[BlackElo "2011"]
[PlyCount "73"]
[EventDate "2014.03.17"]
[EventType "swiss"]
[EventRounds "9"]
[EventCountry "CRO"]
[SourceTitle "CBM 159 Extra"]
[Source "ChessBase"]
[SourceDate "2014.04.24"]
[SourceVersion "1"]
[SourceVersionDate "2014.04.24"]
[SourceQuality "1"]

1. d4 d5 2. Nf3 Nf6 3. c4 e6 4. g3 c6 5. Nbd2 Nbd7 6. Bg2 Bd6 7. 0-0 0-0 8. Qc2 b5 9. e4 Be7 10. c5 a5 11. e5 Ne8 12. Re1 g6 13. Nf1 f6 14. exf6 Ndxf6 15. Ne5 Ra6 16. a4 Ng7 17. Bh6 Re8 18. Bxg7 Kxg7 19. Nd2 b4 20. Bf1 Qc7 21. Bxa6 Bxa6 22. Re3 Nd7 23. Ndf3 Bf6 24. Ng4 Bd8 25. Rae1 Nf8 26. h4 Bc8 27. Nfe5 h5 28. Nh2 Bf6 29. Nhf3 Re7 30. Ng5 Bd7 31. Rf3 Be8 32. Qd2 Qd8 33. Rxf6 Kxf6 34. Ngf7 Qc7 35. Qf4+ Kg7 36. Qh6+ Kg8 37. Qh8# 1-0

[Event "CRO-chT Cup 22nd"]
[Site "Bol"]
[Date "2013.05.25"]
[Round "5.123"]
[White "Kurecic, Mladen"]
[Black "Bunjac, Branimir"]
[Result "1-0"]
[WhiteElo "2036"]
[BlackElo "2004"]
[PlyCount "108"]
[EventDate "2013.05.22"]
[EventType "team"]
[EventRounds "6"]
[EventCountry "CRO"]
[SourceTitle "CBM 154 Extra"]
[Source "ChessBase"]
[SourceDate "2013.06.25"]
[SourceVersion "2"]
[SourceVersionDate "2013.06.25"]
[SourceQuality "1"]
[WhiteTeam "Zabok Polet"]
[BlackTeam "Miklavec"]
[WhiteTeamCountry "CRO"]
[BlackTeamCountry "CRO"]

1. b3 c6 2. e4 d5 3. exd5 cxd5 4. Bb2 Bf5 5. Nf3 Nd7 6. Nh4 Bg6 7. Nxg6 hxg6 8. g3 e6 9. Bg2 Rc8 10. 0-0 Ngf6 11. d3 Be7 12. c4 0-0 13. Nc3 Qa5 14. a3 dxc4 15. dxc4 Qb6 16. Na4 Qc7 17. Qf3 b6 18. Nc3 a6 19. Rac1 Rfd8 20. Na4 Nc5 21. Nxc5 Bxc5 22. b4 Bd4 23. Bxd4 Rxd4 24. c5 Rb8 25. Rfd1 Rxd1+ 26. Qxd1 e5 27. cxb6 Qxb6 28. Rc6 Qa7 29. Qd6 Ng4 30. Rc5 Re8 31. Bd5 e4 32. Bxe4 Rxe4 33. Qd8+ Kh7 34. Qh4+ Nh6 35. Qxe4 Qd7 36. Kg2 f5 37. Qd5 Qe7 38. Qe5 Qb7+ 39. f3 Qa8 40. Rc7 Qg8 41. a4 g5 42. Qb2 g4 43. f4 Qd5+ 44. Kf2 Qf3+ 45. Ke1 Qh1+ 46. Kd2 Qxh2+ 47. Kc1 Qh1+ 48. Kc2 Qe4+ 49. Kb3 Qd5+ 50. Ka3 Qg8 51. Qf6 Qh8 52. Qe6 Qa8 53. Qc6 Qd8 54. Qd7 Qf6 1-0

[Event "CRO-chT Cup 22nd"]
[Site "Bol"]
[Date "2013.05.23"]
[Round "2.84"]
[White "Kurecic, Mladen"]
[Black "Matosevic, Ivica"]
[Result "1-0"]
[WhiteElo "2036"]
[BlackElo "1822"]
[PlyCount "73"]
[EventDate "2013.05.22"]
[EventType "team"]
[EventRounds "6"]
[EventCountry "CRO"]
[SourceTitle "CBM 154 Extra"]
[Source "ChessBase"]
[SourceDate "2013.06.25"]
[SourceVersion "2"]
[SourceVersionDate "2013.06.25"]
[SourceQuality "1"]
[WhiteTeam "Zabok Polet"]
[BlackTeam "Nova Gradiska"]
[WhiteTeamCountry "CRO"]
[BlackTeamCountry "CRO"]

1. d4 Nf6 2. Nf3 d5 3. Bf4 Bf5 4. e3 e6 5. c4 c6 6. Nc3 Bd6 7. Bxd6 Qxd6 8. Qb3 Qc7 9. Rc1 dxc4 10. Bxc4 Nbd7 11. 0-0 0-0 12. Nh4 Bg6 13. Nxg6 hxg6 14. h3 Qb6 15. Qc2 Rac8 16. Rfd1 Rfd8 17. Rd2 Qa5 18. Rcd1 Nb6 19. Bb3 e5 20. Qxg6 Nbd5 21. Qc2 Re8 22. Nxd5 cxd5 23. Qf5 e4 24. g4 Red8 25. g5 Ne8 26. g6 fxg6 27. Qxe4 Rc6 28. Rc2 Rf6 29. Rc5 Qb6 30. Rxd5 Kf8 31. Rxd8 Qxd8 32. Qxb7 Rf5 33. f4 g5 34. Be6 Nd6 35. Qxa7 gxf4 36. Bxf5 Nxf5 37. Qc5+ 1-0

[Event "Krapina op 2nd"]
[Site "Krapina"]
[Date "2012.07.02"]
[Round "5"]
[White "Kurecic, Mladen"]
[Black "Galoic, Boris"]
[Result "1/2-1/2"]
[WhiteElo "2031"]
[BlackElo "1981"]
[PlyCount "34"]
[EventDate "2012.06.26"]
[EventType "swiss"]
[EventRounds "9"]
[EventCountry "CRO"]
[SourceTitle "EXT 2013"]
[Source "ChessBase"]
[SourceDate "2012.11.22"]
[SourceVersion "1"]
[SourceVersionDate "2012.11.22"]
[SourceQuality "1"]

1. e4 e5 2. Nf3 Nc6 3. Bb5 a6 4. Ba4 Nf6 5. d3 b5 6. Bb3 Be7 7. Nc3 d6 8. Nd5 0-0 9. Nxf6+ Bxf6 10. Bd5 Bd7 11. a4 b4 12. c4 Rb8 13. Bxc6 Bxc6 14. b3 a5 15. Be3 Bd7 16. Qd2 c5 17. 0-0-0 Be7 1/2-1/2

[Event "Krapina op 2nd"]
[Site "Krapina"]
[Date "2012.06.28"]
[Round "3"]
[White "Kurecic, Mladen"]
[Black "Lescan, Marijan"]
[Result "0-1"]
[WhiteElo "2031"]
[BlackElo "1866"]
[PlyCount "78"]
[EventDate "2012.06.26"]
[EventType "swiss"]
[EventRounds "9"]
[EventCountry "CRO"]
[SourceTitle "EXT 2013"]
[Source "ChessBase"]
[SourceDate "2012.11.22"]
[SourceVersion "1"]
[SourceVersionDate "2012.11.22"]
[SourceQuality "1"]

1. e4 c6 2. f4 d5 3. e5 Bf5 4. Nf3 e6 5. b3 h6 6. Bb2 c5 7. d4 Nc6 8. c4 cxd4 9. Nxd4 Bxb1 10. Nxc6 bxc6 11. Rxb1 Bb4+ 12. Kf2 Bc5+ 13. Bd4 Qb6 14. Ke3 Ne7 15. g4 Bxd4+ 16. Qxd4 c5 17. Qd2 d4+ 18. Kf2 0-0 19. Bg2 Rad8 20. Be4 f6 21. Rbg1 fxe5 22. f5 exf5 23. gxf5 Nxf5 24. Ke2 Ne3 25. Rg6 Rd6 26. Rhg1 Rxg6 27. Rxg6 Rf6 28. Rxf6 Qxf6 29. Qe1 Qf4 30. Qh1 Ng4 31. Bd5+ Kh8 32. Qf3 Qxh2+ 33. Kd3 Nf6 34. Qf5 Qg3+ 35. Ke2 Qe3+ 36. Kf1 Qf4+ 37. Qxf4 exf4 38. b4 cxb4 39. Bf7 Nd7 0-1

[Event "CRO Cup 21st"]
[Site "Sibenik"]
[Date "2012.05.17"]
[Round "2.94"]
[White "Tomas, Ante"]
[Black "Kurecic, Mladen"]
[Result "1/2-1/2"]
[WhiteElo "1831"]
[BlackElo "2031"]
[PlyCount "66"]
[EventDate "2012.05.16"]
[EventType "team-swiss"]
[EventRounds "6"]
[EventCountry "CRO"]
[SourceTitle "CBM 148 Extra"]
[Source "ChessBase"]
[SourceDate "2012.06.22"]
[SourceVersion "1"]
[SourceVersionDate "2012.06.22"]
[SourceQuality "1"]
[WhiteTeam "Split Mornar"]
[BlackTeam "Zabok Polet"]
[WhiteTeamCountry "CRO"]
[BlackTeamCountry "CRO"]

1. e4 e6 2. d4 d5 3. Nc3 Bb4 4. e5 c5 5. Qg4 g6 6. Nf3 Nc6 7. Bb5 Qb6 8. Bxc6+ bxc6 9. 0-0 cxd4 10. Nxd4 Ba6 11. Rd1 Bf8 12. a4 Ne7 13. Rb1 c5 14. Ndb5 Nf5 15. Bg5 h5 16. Qf4 Bb7 17. Ne2 a6 18. Nbc3 Qc6 19. f3 Bg7 20. Re1 Qc7 21. Ng3 Nd4 22. Rbc1 Nc6 23. Re2 Nd4 24. Ree1 Bc6 25. Nce2 Bxe5 26. Qh4 Nxe2+ 27. Rxe2 Bxb2 28. Rce1 Kd7 29. Bf6 Bxf6 30. Qxf6 Raf8 31. c4 d4 32. Rb1 Qd8 33. Qe5 Qe7 1/2-1/2

[Event "Zagreb op-B"]
[Site "Zagreb"]
[Date "2012.03.05"]
[Round "1"]
[White "Kristovic, Marijan"]
[Black "Kurecic, Mladen"]
[Result "1-0"]
[WhiteElo "2267"]
[BlackElo "1994"]
[PlyCount "115"]
[EventDate "2012.03.05"]
[EventType "swiss"]
[EventRounds "9"]
[EventCountry "CRO"]
[SourceTitle "CBM 147 Extra"]
[Source "ChessBase"]
[SourceDate "2012.04.24"]
[SourceVersion "1"]
[SourceVersionDate "2012.04.24"]
[SourceQuality "1"]

1. e4 e6 2. Nf3 d5 3. Nc3 Nf6 4. e5 Nfd7 5. d4 c5 6. dxc5 Bxc5 7. Bd3 Nc6 8. Bf4 h6 9. h4 f5 10. a3 Qb6 11. 0-0 0-0 12. Na4 Qc7 13. Nxc5 Nxc5 14. b4 Nxd3 15. cxd3 Qb6 16. Rb1 a6 17. Qc1 Bd7 18. Qc5 Qc7 19. Rfc1 Rfc8 20. Be3 Qd8 21. Qd6 Qc7 22. a4 Qxd6 23. exd6 b5 24. axb5 axb5 25. Rc5 Rab8 26. Bd2 Rb6 27. Rbc1 Ra8 28. Bc3 Nb8 29. Rc7 Rc6 30. Ne5 Rxd6 31. Bd4 Na6 32. Rxd7 Rxd7 33. Nxd7 Nxb4 34. Rc7 Nxd3 35. Nb6 Ra6 36. Rxg7+ Kf8 37. Nd7+ Ke8 38. Nf6+ Kf8 39. Nh7+ Ke8 40. Bf6 Rc6 41. Re7+ Kd8 42. Rxe6+ Kd7 43. Nf8+ Kc7 44. Rxc6+ Kxc6 45. Ne6 f4 46. h5 b4 47. Bg7 Kd6 48. Nd4 Kc5 49. Nb3+ Kb5 50. Bxh6 Kc4 51. Bg7 Kxb3 52. h6 Nc1 53. h7 d4 54. h8Q d3 55. Ba1 Ne2+ 56. Kf1 Nc3 57. Qd4 Kc2 58. Qxb4 1-0

[Event "CRO-chT3 Center-A"]
[Site "Zagreb"]
[Date "2011.10.23"]
[Round "10.54"]
[White "Paic, Ivica"]
[Black "Kurecic, Mladen"]
[Result "1/2-1/2"]
[WhiteElo "2085"]
[BlackElo "1999"]
[PlyCount "58"]
[EventDate "2011.03.13"]
[EventType "team-tourn"]
[EventRounds "11"]
[EventCountry "CRO"]
[SourceTitle "EXT 2014"]
[Source "ChessBase"]
[SourceDate "2013.11.20"]
[SourceVersion "1"]
[SourceVersionDate "2013.11.20"]
[SourceQuality "1"]

1. d4 d5 2. c4 e6 3. Nf3 Nf6 4. Nc3 c6 5. e3 Nbd7 6. Qc2 Be7 7. b3 Bb4 8. Bb2 Ne4 9. Bd3 f5 10. 0-0 0-0 11. Ne2 Qf6 12. Ne5 Bd6 13. f4 Qe7 14. Rac1 Ndf6 15. Bxe4 Nxe4 16. Nc3 Nf6 17. Rf3 Bd7 18. Qf2 Ne4 19. Qc2 Be8 20. Nxe4 fxe4 21. Rf2 Bh5 22. Rcf1 Rac8 23. c5 Bc7 24. b4 a6 25. a4 Bxe5 26. fxe5 Rxf2 27. Qxf2 Rf8 28. Qxf8+ Qxf8 29. Rxf8+ Kxf8 1/2-1/2

[Event "CRO-chT3 Center-A"]
[Site "Zagreb"]
[Date "2011.10.16"]
[Round "9.24"]
[White "Kurecic, Mladen"]
[Black "Lescan, Marijan"]
[Result "0-1"]
[WhiteElo "1999"]
[BlackElo "1923"]
[PlyCount "66"]
[EventDate "2011.03.13"]
[EventType "team-tourn"]
[EventRounds "11"]
[EventCountry "CRO"]
[SourceTitle "EXT 2014"]
[Source "ChessBase"]
[SourceDate "2013.11.20"]
[SourceVersion "1"]
[SourceVersionDate "2013.11.20"]
[SourceQuality "1"]

1. e4 c6 2. d4 d5 3. e5 Bf5 4. Nf3 e6 5. Be2 h6 6. 0-0 c5 7. c3 Nc6 8. a3 a5 9. Bb5 Qb6 10. Qa4 cxd4 11. cxd4 Rc8 12. b4 axb4 13. axb4 f6 14. exf6 Nxf6 15. Bxc6+ Qxc6 16. Ne5 Qxa4 17. Rxa4 Bxb1 18. Bxh6 Rxh6 19. Rxb1 Bd6 20. f4 Bxe5 21. dxe5 Ne4 22. Ra7 Nc3 23. Rb2 Ne4 24. g3 g5 25. fxg5 Nxg5 26. Kg2 Rh7 27. h4 Ne4 28. Rb3 Rg7 29. Kh3 Nf2+ 30. Kg2 Ng4 31. b5 Rc2+ 32. Kf1 Rf7+ 33. Ke1 Rff2 0-1

[Event "CRO-chT3 Center-A"]
[Site "Zagreb"]
[Date "2011.10.16"]
[Round "8.65"]
[White "Kurecic, Mladen"]
[Black "Vukusic, Marin"]
[Result "0-1"]
[WhiteElo "1999"]
[BlackElo "2126"]
[PlyCount "50"]
[EventDate "2011.03.13"]
[EventType "team-tourn"]
[EventRounds "11"]
[EventCountry "CRO"]
[SourceTitle "EXT 2014"]
[Source "ChessBase"]
[SourceDate "2013.11.20"]
[SourceVersion "1"]
[SourceVersionDate "2013.11.20"]
[SourceQuality "1"]

1. d4 d5 2. Nf3 e6 3. Bf4 Nf6 4. e3 Be7 5. Ne5 0-0 6. Nd2 c5 7. c3 b6 8. Bd3 Bb7 9. g4 Nc6 10. g5 Ne4 11. h4 Nxe5 12. Bxe5 f6 13. Bxe4 dxe4 14. gxf6 Bxf6 15. Qg4 Qd5 16. Bxf6 Rxf6 17. h5 Raf8 18. Rg1 R8f7 19. Rg2 cxd4 20. cxd4 Rh6 21. Qg5 Rxh5 22. Qg3 h6 23. Nb3 a5 24. Rc1 a4 25. Rc7 Rg5 0-1

[Event "Pula op 25th"]
[Site "Pula"]
[Date "2011.06.18"]
[Round "1"]
[White "Kurecic, Mladen"]
[Black "Drazic, Sinisa"]
[Result "0-1"]
[WhiteElo "2008"]
[BlackElo "2486"]
[PlyCount "102"]
[EventDate "2011.06.18"]
[EventType "swiss"]
[EventRounds "9"]
[EventCountry "CRO"]
[SourceTitle "CBM 143 Extra"]
[Source "ChessBase"]
[SourceDate "2011.08.29"]
[SourceVersion "1"]
[SourceVersionDate "2011.08.29"]
[SourceQuality "1"]

1. d4 Nf6 2. Nf3 g6 3. Bg5 Bg7 4. e3 d6 5. Be2 0-0 6. Bxf6 exf6 7. 0-0 f5 8. c3 Nd7 9. Nbd2 Nf6 10. Re1 Re8 11. Bc4 c6 12. Qb3 Re7 13. Ng5 Qe8 14. g3 Ne4 15. Ngf3 b5 16. Bf1 Be6 17. Qc2 h5 18. Bg2 d5 19. b4 a5 20. a3 Rea7 21. Qb2 Nd6 22. Bf1 Bf6 23. Nb3 Bd8 24. Nc5 h4 25. Ne5 Ne4 26. f3 Nxc5 27. bxc5 Bc7 28. f4 hxg3 29. hxg3 Bxe5 30. fxe5 Rb7 31. Qf2 Kg7 32. Qf4 Qe7 33. Re2 Rh8 34. Raa2 Rbb8 35. Rh2 g5 36. Qf3 f6 37. exf6+ Qxf6 38. Qh1 Rxh2 39. Rxh2 Bg8 40. Qf3 Bh7 41. Bd3 Bg6 42. Rf2 Rf8 43. Bc2 Rf7 44. Rh2 Qe6 45. Re2 Rf6 46. Kf2 Qe8 47. Ke1 Bh5 48. Qf2 Bxe2 49. Kxe2 f4 50. gxf4 gxf4 51. Qg1+ Kf8 0-1